000 00270nam a2200109 4500
082 _aMAH
100 _aMahar, Abdul Haq
245 _aEducational philosophy of the Holy Quran
260 _aLahore:
_bInstitute of Islamic Culture,
_c1990.
300 _a330p. ;
942 _cBK
999 _c10027
_d10027